| 000 | 00747 a2200205 4500 | ||
|---|---|---|---|
| 008 | 080820t xxu||||| |||| 00| 0 eng d | ||
| 010 | _aENG-84892 | ||
| 020 |
_a818983505X _c175.00 |
||
| 035 | _aEN-68425 | ||
| 037 | _bD.B.Act / Pub | ||
| 082 | _a782.42 | ||
| 100 | _aNeeraj Dayal | ||
| 245 |
_aKumar Sanu ke yaadgar nagme _cby Neeraj Dayal |
||
| 250 | _a1st ed. | ||
| 260 |
_aNew Delhi : _bDev Books _c2007 |
||
| 270 |
_a11-B, Court Road _bDelhi _cDelhi _e110054 _mdevbooks@vsnl.net |
||
| 300 |
_a100 p. : _c22 cm. (Pbk) |
||
| 942 |
_adpl _cEN _k782.42 / NEE _2ddc _h782.42 _mNEE |
||
| 999 |
_c663 _d663 |
||